| 000 | 00962nam a2200241 a 4500 | ||
|---|---|---|---|
| 005 | 20240925065036.0 | ||
| 008 | 991125s1967 ag 000 0 spa u | ||
| 035 | _aUPN01000058569 | ||
| 049 | _aCG | ||
| 050 | 4 |
_aLB1115 _bG4.98 |
|
| 100 | 1 |
_aGesell, Arnold Lucius, _d1880-1961 _928379 |
|
| 245 | 1 | 0 |
_aVida escolar e imagen del mundo del niño de 5 a 16 años / _cArnold Gesell ... [et al.] ; colab. Frances L. Ilg, Louise Bates Ames y Glenna E. Bullis ; supervisión Telma Reca ; comp. Jaime Bernstein ; tr. Eduardo Loudel. |
| 260 |
_aBuenos Aires : _bPaidós, _c1967. |
||
| 300 | _a132 p. | ||
| 440 | 0 |
_aBiblioteca del educador contemporáneo ; _v64 |
|
| 650 | 4 |
_aNiño, Estudio del _9221 |
|
| 650 | 4 |
_aPsicología _938 |
|
| 700 | 1 |
_aBernstein, Jaime, _ecomp. _937324 |
|
| 700 | 1 |
_aIlg, Frances Lillian, _d1902-1981 _ecolab. _928559 |
|
| 700 | 1 |
_aAmes, Louise Bates, _d1908-1996 _ecolab. _928718 |
|
| 700 | 1 |
_aBullis, Glenna E., _ecolab. _938125 |
|
| 905 | _aLibro | ||
| 999 |
_c58569 _d58569 |
||